Barbey d'Aurevilly : essai.

Gardado en:
Detalles Bibliográficos
Autor Principal: Canu, Jean
Formato: Libro
Idioma:French
Publicado: Paris : Laffont, 1965.
Subjects:
LEADER 00689nam a22001931 4500
001 c000359993
003 CARM
005 00000000000000.0
008 851113s1965 fr 1 fre d
019 1 |a 4135578  |5 LACONCORD2021 
035 |a (OCoLC)219202323  |5 LACONCORD2021 
100 1 |a Canu, Jean. 
245 1 0 |a Barbey d'Aurevilly :  |b essai. 
260 |a Paris :  |b Laffont,  |c 1965. 
600 2 0 |a Barbey d'Aurevilly, J.  |q (Jules),  |d 1808-1889. 
852 8 |b CARM  |h A1:AL28B0  |i B10139  |p 0449926  |f BK 
082 0 4 |a 843.8 
999 f f |i d537dc40-11b1-58ee-b953-3e5d0e5919cb  |s 0a6b2fb1-0c70-5e68-a926-684f8956dd30 
952 f f |p Can circulate  |a CAVAL  |b CAVAL  |c CAVAL  |d CARM 1 Store  |e B10139  |f A1:AL28B0  |h Other scheme  |i book  |m 0449926